000 nam a22 7a 4500
999 _c15716
_d15716
008 161103b xxu||||| |||| 00| 0 eng d
020 _a1928896146
020 _a9781928896142
050 _aLB 1775.6 .H97 2003
100 _aHyson, Marilou
245 _aPreparing early childhood professionals :
_b NAEYC's standards for programs : NAEYC's standards for initial licensure, advanced, and associate degree programs. also includes standards material from: council for exceptional children/division for early childhood (CEC/DEC) National Board for professional standards (NBPTS)/
_cMarilou Hyson and National Association for the Education of Young Children.
260 _aWashington, DC :
_bNational Association for the Education of Young Children,
_c©2003.
300 _av, 158p. :
_bill. ;
650 _aEarly childhood teachers
_x Training of
_yStandards
_zUnited States.
700 _aNational Association for the Education of Young Children.
942 _2lcc
_cBOOKS
_hLB 1775.6 .H97 2003